Statistieken voor Slecht Getekende Vlaggen

Klik hier om de quiz te nemen!

Algemene statistieken

  • Deze quiz is 876 keer genomen
  • De gemiddelde score is 12 van 16

Antwoordstatistieken

Antwoord% Correct
Albanië
99%
Brazilië
97%
Zuid-Afrika
97%
Noorwegen
96%
Mexico
93%
Malta
90%
Noord-Korea
87%
Singapore
81%
Angola
78%
Kirgizië
64%
Oezbekistan
63%
Saint Lucia
63%
Kaapverdië
59%
Namibië
56%
Saint Vincent en de Grenadines
53%
Vanuatu
48%

Scoreverdeling

Percentiel versus Aantal Correcte Antwoorden

Procent van Mensen met Elke Score

Uw Scoregeschiedenis

U heeft deze quiz nog niet genomen